Available copies
- 1 of 1 copy available at Headquarters.
Current holds
0 current holds with 1 total copy.
| Location | Call Number / Copy Notes | Barcode | Shelving Location | Status | Due Date |
|---|---|---|---|---|---|
| Accra Central Library | 201 650/MAR | 000000048354 | 600 - Technology-How things are made, Human Body, Health & Disease, Pets, Farms, Cars, Cooking - REF | Available | - |
Record details
- ISBN: 9781471835803
- Physical Description: Paperback
- Edition: Third Edition
- Publisher: London: Hodder Education, 2015.
Search for related items by subject
| Subject: | Business |
| LDR | 00620cam a2200205Ka 4500 | ||
|---|---|---|---|
| 001 | 750 | ||
| 003 | HQ | ||
| 005 | 20190910112615.0 | ||
| 008 | 070101s xxkd er 0 eng d | ||
| 020 | . | ‡a9781471835803 | |
| 037 | . | ‡aBook Aid | |
| 082 | . | ‡a650/MAR | |
| 100 | . | ‡aIan Marcouse; Andrew Hammond; Nigel Watson. | |
| 245 | . | ‡aAQA A-Level Business For | |
| 250 | . | ‡aThird Edition | |
| 260 | . | ‡aLondon: ‡bHodder Education, ‡c2015. | |
| 300 | . | ‡aPaperback | |
| 650 | . | ‡aBusiness | |
| 901 | . | ‡a750 ‡bAUTOGEN ‡c750 ‡tbiblio | |

Add to basket
Permalink
Disable Highlighting